000 01159nam a22002777a 4500
003 OSt
005 20250911153633.0
008 240214b ||||| |||| 00| 0 eng d
040 _c0
082 _aDPer 621.317 Ie21 May 2022 v. 37 n. 5
100 _aHuang, Sen.
_eauthor.
_952371
245 _aTransient synchronization stability improvement control strategy for grid-connected VSC under symmetrical grid fault /
_cSen Huang, Jun Yao, Jinxin Pei, Shiyue Chen, Yi Luo, and Zhaoyang Chen.
260 _aNew York ;
_bThe Institute of Electrical and Electronics Engineers, Inc. ,
_cMay 2022.
300 _aVolume 37, pages 4957-4961 :
_billustration ;
_c28 cm.
500 _aIEEE Transactions on Power Electronics, v. 37 n. 5, pages 4957-4961, May 2022.
650 0 _a Damping.
_965927
650 0 _aPower system stability.
_965754
650 0 _aTransient analysis.
_965849
700 _aHuang, Sen.
_eauthor.
_952371
700 _aYao, Jun.
_eauthor.
_952372
700 _aPei, Jinxin.
_eauthor.
_952373
700 _aChen, Shiyue.
_eauthor.
_952374
700 _aLuo, Yi.
_eauthor.
_952375
700 _aChen, Zhaoyang.
_eauthor.
_952376
942 _2ddc
_cPER
999 _c19146
_d19146